[Event "Scarborough CC Jack Frost U1700"]
[Site "Toronto CAN"]
[Date "2010.02.11"]
[Round "6"]
[White "Wang, Jason"]
[Black "Smith, Maurice"]
[Result "0-1"]
[WhiteElo "1080"]
[BlackElo "1647"]
[PlyCount "86"]
[EventDate "2010.01.07"]
[EventType "swiss"]
[EventRounds "6"]
[EventCountry "CAN"]

1. e4 c5 2. Nf3 d6 3. d4 cxd4 4. Nxd4 Nf6 5. Nc3 g6 6. Bc4 Bg7 7. O-O O-O 8.
Bg5 Bd7 9. Re1 Nc6 10. Nf3 Rc8 11. Qd2 a6 12. Bb3 b5 13. a3 Re8 14. Bxf6 Bxf6
15. Ng5 Rf8 16. Rad1 Ne5 17. Nd5 Bg7 18. Qe3 Nc4 19. Bxc4 Rxc4 20. c3 Rc6 21.
Nf3 Bg4 22. h3 Be6 23. Nb4 Rb6 24. e5 Qc7 25. exd6 Rxd6 26. Rxd6 Qxd6 27. Qa7
a5 28. Qxa5 Bc4 29. Qa7 e6 30. a4 Rd8 31. axb5 Bxb5 32. Qa5 Rb8 33. Qa1 Qb6 34.
Qc1 Be8 35. Qf4 Bf8 36. Re4 Qa7 37. Qh4 h5 38. Qf4 Bg7 39. Qe3 Qa1+ 40. Kh2
Qxb2 41. Qa7 Rc8 42. Qe7 Bf8 43. Qf6 Qxc3 0-1

[Event "Scarborough CC LH Summer U1700"]
[Site "Toronto CAN"]
[Date "2010.04.29"]
[Round "?"]
[White "Pishdad, Hassan"]
[Black "Aghamalian, Leonid"]
[Result "0-1"]
[WhiteElo "1380"]
[BlackElo "1560"]
[PlyCount "92"]
[EventDate "2010.04.29"]
[EventType "swiss"]
[EventRounds "8"]
[EventCountry "CAN"]

1. e4 e5 2. Nf3 Nf6 3. Nc3 Nc6 4. Bc4 Bb4 5. d3 O-O 6. Bd2 d6 7. a3 Ba5 8. b4
Bb6 9. Bg5 Nd4 10. h3 Nxf3+ 11. Qxf3 Bd4 12. Bd2 Be6 13. Ba2 Qd7 14. O-O Qc6
15. b5 Qc5 16. Bc4 Bxc4 17. dxc4 Qxc4 18. Qd3 Qxd3 19. cxd3 c6 20. Rab1 Bxc3
21. Bxc3 c5 22. f4 Nd7 23. fxe5 Nxe5 24. Bxe5 dxe5 25. Rfd1 Rad8 26. Rbc1 b6
27. Kh2 Rd4 28. Rc4 Rfd8 29. Rc3 Rxe4 30. dxe4 Rxd1 31. Kg3 Rd4 32. Kf3 Kf8 33.
Ke3 Ke7 34. Rb3 Ke6 35. h4 h5 36. Kf3 f5 37. exf5+ Kxf5 38. g3 e4+ 39. Ke2 Rd3
40. Rxd3 exd3+ 41. Kxd3 Kg4 42. Ke4 Kxg3 43. a4 Kxh4 44. a5 g5 45. axb6 axb6
46. Kd5 g4 0-1

[Event "Scarborough CC LH Summer U1700"]
[Site "Toronto CAN"]
[Date "2010.04.29"]
[Round "1"]
[White "Dattani, Dinesh"]
[Black "Vasantharajan, Seyon"]
[Result "0-1"]
[WhiteElo "1414"]
[BlackElo "858"]
[PlyCount "52"]
[EventDate "2010.04.29"]
[EventType "swiss"]
[EventRounds "8"]
[EventCountry "CAN"]

1. e4 e5 2. Nf3 Nc6 3. d4 exd4 4. Nxd4 Nf6 5. Bg5 h6 6. Bxf6 Qxf6 7. c3 Bc5 8.
Nf3 O-O 9. Be2 Qg6 10. O-O Qxe4 11. Nbd2 Qg6 12. Re1 d6 13. Nb3 Bb6 14. Bd3 Qf6
15. Qc2 Bg4 16. Be4 Rae8 17. Rad1 Ne5 18. Nbd2 c6 19. h3 Bh5 20. g4 Bg6 21.
Bxg6 fxg6 22. Kg2 Nxf3 23. Rxe8 Nh4+ 24. Kh1 Rxe8 25. Ne4 Qf3+ 26. Kg1 Qg2# 0-1

[Event "Scarborough CC LH Summer U1700"]
[Site "Toronto CAN"]
[Date "2010.04.29"]
[Round "1"]
[White "Grauer, Marcel"]
[Black "Rogers, Michael"]
[Result "0-1"]
[WhiteElo "1334"]
[BlackElo "1536"]
[PlyCount "42"]
[EventDate "2010.04.29"]
[EventType "swiss"]
[EventRounds "8"]
[EventCountry "CAN"]

1. d4 f5 2. c4 d6 3. Nf3 Nf6 4. Nc3 g6 5. Bg5 Bg7 6. Bxf6 Bxf6 7. e4 fxe4 8.
Nxe4 O-O 9. Be2 Nc6 10. Qd2 e5 11. d5 Nd4 12. O-O-O Bf5 13. Nxf6+ Qxf6 14. Nxd4
exd4 15. Qxd4 Qg5+ 16. Qd2 Qxg2 17. Bd3 Bxd3 18. Qxd3 Rf3 19. Rhg1 Qxf2 20.
Rgf1 Qxf1 21. Rxf1 Rxd3 0-1

[Event "Scarborough CC LH Summer U1700"]
[Site "Toronto CAN"]
[Date "2010.04.29"]
[Round "1"]
[White "Karpik, Steve"]
[Black "Zhang, John"]
[Result "1-0"]
[WhiteElo "1494"]
[BlackElo "1160"]
[PlyCount "69"]
[EventDate "2010.04.29"]
[EventType "swiss"]
[EventRounds "8"]
[EventCountry "CAN"]

1. Nf3 Nf6 2. g3 d5 3. c4 dxc4 4. Qa4+ Nc6 5. Bg2 Bf5 6. Ne5 Bd7 7. Nxc6 Bxc6
8. Bxc6+ bxc6 9. Qxc6+ Nd7 10. Nc3 e5 11. Qxc4 Bc5 12. b4 Bd6 13. Nb5 O-O 14.
Nxd6 cxd6 15. Bb2 Rc8 16. Qb3 Qb6 17. O-O Rb8 18. Bc3 Nf6 19. d3 Rfc8 20. a4 a5
21. b5 Qc7 22. Rac1 Qb6 23. Rc2 Rc7 24. Rfc1 Ng4 25. e3 Rbc8 26. d4 exd4 27.
Bxd4 Qb7 28. Rxc7 Rxc7 29. Rxc7 Qxc7 30. Qc3 Qb7 31. Qc6 Qe7 32. Qc8+ Qf8 33.
Qxg4 g6 34. b6 Qe8 35. b7 1-0

[Event "Scarborough CC LH Summer U1700"]
[Site "Toronto CAN"]
[Date "2010.04.29"]
[Round "1"]
[White "Philip, Andrew"]
[Black "Yie, Kevin"]
[Result "1-0"]
[WhiteElo "1530"]
[BlackElo "1332"]
[PlyCount "65"]
[EventDate "2010.04.29"]
[EventType "swiss"]
[EventRounds "8"]
[EventCountry "CAN"]

1. d4 Nf6 2. Bg5 h6 3. Bxf6 gxf6 4. e4 e5 5. Nf3 d6 6. Nc3 Nc6 7. h3 a6 8. a3
Rg8 9. g4 Ne7 10. Be2 Ng6 11. Qd2 Nf4 12. O-O-O Bd7 13. Nh4 Qe7 14. Bf3 O-O-O
15. Ne2 Nxe2+ 16. Qxe2 Kb8 17. d5 Bb5 18. Qe3 Bd7 19. Kb1 Bg7 20. Be2 Bf8 21.
c4 Bc8 22. b4 b6 23. Rc1 Bd7 24. Rc3 Bc8 25. c5 dxc5 26. bxc5 bxc5 27. Rb3+ Ka8
28. Ka1 Bd7 29. Bxa6 Rb8 30. Rxb8+ Kxb8 31. Qb3+ Bb5 32. Qxb5+ Ka7 33. Qb7# 1-0

[Event "Scarborough CC LH Summer U1700"]
[Site "Toronto CAN"]
[Date "2010.04.29"]
[Round "1"]
[White "Smith, Maurice"]
[Black "Liu, Jiaxin (Dora)"]
[Result "1-0"]
[WhiteElo "1648"]
[BlackElo "1407"]
[PlyCount "93"]
[EventDate "2010.04.29"]
[EventType "swiss"]
[EventRounds "8"]
[EventCountry "CAN"]

1. d4 d5 2. c4 e6 3. Nc3 Nf6 4. Bg5 c6 5. Nf3 Be7 6. e3 Nbd7 7. Bd3 O-O 8. O-O
b6 9. Qc2 h6 10. Bh4 dxc4 11. Bxc4 b5 12. Bd3 Bb7 13. Rac1 Rc8 14. Qe2 a6 15.
Ne4 Re8 16. Nc5 Ba8 17. a3 Qb6 18. b4 a5 19. Ra1 Rc7 20. Bg3 Ra7 21. Ne5 Nxe5
22. Bxe5 Bb7 23. Qb2 Nd5 24. e4 Nf6 25. Rfd1 Rd8 26. Bc2 Nd7 27. Bf4 Bf6 28.
Be3 Qc7 29. Qb3 Nb6 30. e5 Be7 31. Qd3 g6 32. Nxe6 Qc8 33. Nxd8 Qxd8 34. e6 Qd5
35. exf7+ Qxf7 36. Re1 Bc8 37. Qxg6+ Qxg6 38. Bxg6 axb4 39. axb4 Rd7 40. Bf5
Rd8 41. Bxc8 Rxc8 42. Bxh6 Bxb4 43. Re4 Bc3 44. Ra7 Nc4 45. Rg4+ Kh8 46. Rh4
Rg8 47. Bg7# 1-0

[Event "Scarborough CC LH Summer U1700"]
[Site "Toronto CAN"]
[Date "2010.04.29"]
[Round "1"]
[White "Walker, John"]
[Black "Green, Derek"]
[Result "1-0"]
[WhiteElo "1543"]
[BlackElo "1336"]
[PlyCount "75"]
[EventDate "2010.04.29"]
[EventType "swiss"]
[EventRounds "8"]
[EventCountry "CAN"]

1. Nf3 Nf6 2. d4 g6 3. Nc3 d5 4. Bf4 Bg7 5. e3 c6 6. Qd2 Bg4 7. Ne5 Be6 8. Be2
Nbd7 9. O-O-O O-O 10. h4 Nxe5 11. Bxe5 Ng4 12. Bxg4 Bxg4 13. f3 Bd7 14. Bxg7
Kxg7 15. g4 e6 16. h5 Qe7 17. e4 Rh8 18. Rde1 h6 19. exd5 Qg5 20. Qxg5 hxg5 21.
dxe6 Bxe6 22. hxg6 Kxg6 23. a3 Rad8 24. Rxh8 Rxh8 25. Re5 Rh3 26. Ne4 Rxf3 27.
Rxg5+ Kh7 28. Ra5 a6 29. Ng5+ Kh6 30. Nxf3 Bxg4 31. Ne5 Be6 32. Rc5 Kg7 33. Nf3
Bd5 34. Ne5 f6 35. Nd7 f5 36. Nb6 Be4 37. Re5 Kf7 38. Nc4 1-0

[Event "Scarborough CC LH Summer U1700"]
[Site "Toronto CAN"]
[Date "2010.05.13"]
[Round "2"]
[White "Aghamalian, Leonid"]
[Black "Philip, Andrew"]
[Result "0-1"]
[WhiteElo "1560"]
[BlackElo "1530"]
[PlyCount "102"]
[EventDate "2010.04.29"]
[EventType "swiss"]
[EventRounds "8"]
[EventCountry "CAN"]

1. e4 d5 2. exd5 Qxd5 3. Nc3 Qd6 4. d4 Nf6 5. Nf3 c6 6. Be2 Bf5 7. O-O e6 8.
Re1 Be7 9. a3 O-O 10. Bg5 Nbd7 11. Bd3 Bg4 12. h3 Bxf3 13. Qxf3 Nb6 14. Bxf6
Bxf6 15. Qe4 g6 16. Rad1 Bg7 17. Qe3 Qxd4 18. Qxd4 Bxd4 19. Nb1 Rad8 20. Re2
Rd7 21. Red2 Rfd8 22. b3 Bg7 23. a4 Nd5 24. Be4 Nf6 25. Rxd7 Rxd7 26. Rxd7 Nxd7
27. Nd2 f5 28. Bd3 e5 29. f3 Nf6 30. Kf2 Kf7 31. Nc4 Ne8 32. Na5 Nd6 33. c4 c5
34. g4 e4 35. Bc2 Bc3 36. Nxb7 Nxb7 37. fxe4 fxe4 38. Ke3 Nd6 39. Bxe4 Nxe4 40.
Kxe4 Ke6 41. Kf4 Bd2+ 42. Ke4 a5 43. Kd3 Be1 44. Ke2 Bh4 45. Kf3 Ke5 46. Ke3
Bg5+ 47. Kd3 h5 48. gxh5 gxh5 49. Kc3 Ke4 50. b4 cxb4+ 51. Kb3 Kd4 0-1

[Event "Scarborough CC LH Summer U1700"]
[Site "Toronto CAN"]
[Date "2010.05.13"]
[Round "2"]
[White "Karpik, Steve"]
[Black "Walker, John"]
[Result "0-1"]
[WhiteElo "1494"]
[BlackElo "1543"]
[PlyCount "74"]
[EventDate "2010.04.29"]
[EventType "swiss"]
[EventRounds "8"]
[EventCountry "CAN"]

1. Nf3 d6 2. g3 Nf6 3. Bg2 e5 4. d3 Nbd7 5. c4 Be7 6. O-O O-O 7. a3 Re8 8. Nc3
Bf8 9. e4 g6 10. b4 Bg7 11. Bd2 Nf8 12. Qc1 Ne6 13. Nd5 c6 14. Nxf6+ Qxf6 15.
Bg5 Nxg5 16. Qxg5 Qxg5 17. Nxg5 Bg4 18. f3 Bd7 19. Rab1 h6 20. Nh3 a5 21. bxa5
Reb8 22. Rb3 Rxa5 23. Rfb1 Bc8 24. Nf2 Rba8 25. Ra1 d5 26. Nd1 dxc4 27. dxc4
Bf8 28. Nc3 Rxa3 29. Rbxa3 Rxa3 30. Rc1 Bc5+ 31. Kf1 Be6 32. Nb1 Ra4 33. Nd2
Be3 34. Rc2 Bxd2 35. Rxd2 Bxc4+ 36. Ke1 Ra1+ 37. Kf2 Ra2 0-1

[Event "Scarborough CC LH Summer U1700"]
[Site "Toronto CAN"]
[Date "2010.05.13"]
[Round "2"]
[White "Mourgelas, James"]
[Black "Aghamalian, Derick"]
[Result "1-0"]
[WhiteElo "1466"]
[BlackElo "1320"]
[PlyCount "104"]
[EventDate "2010.04.29"]
[EventType "swiss"]
[EventRounds "8"]
[EventCountry "CAN"]

1. e4 e5 2. Nf3 Nc6 3. Bc4 Bc5 4. c3 Qe7 5. O-O Nf6 6. d3 d6 7. h3 h6 8. Re1
Be6 9. Nbd2 O-O 10. Bxe6 Qxe6 11. Nf1 Nd7 12. Ng3 Qg6 13. Be3 Rfe8 14. Nh4 Qe6
15. Nhf5 Ne7 16. Nxe7+ Qxe7 17. Nf5 Qf6 18. Bxc5 Nxc5 19. Re3 Rad8 20. Rg3 Ne6
21. Qd2 Kh7 22. Rf3 Qg5 23. Qxg5 Nxg5 24. Rg3 Ne6 25. Re1 g6 26. Ne3 c6 27. Ng4
Kg7 28. Kh2 h5 29. Ne3 Nf4 30. Nf1 Re6 31. Rf3 Rf6 32. Kg1 Ne6 33. Rxf6 Kxf6
34. h4 Nf4 35. Re3 d5 36. g3 Ne6 37. exd5 Rxd5 38. Nd2 Nc5 39. c4 Rd4 40. b4
Nxd3 41. Ne4+ Kf5 42. Ng5 f6 43. Rf3+ Kg4 44. Rxf6 Rxc4 45. Kg2 e4 46. Nh3 Rxb4
47. Nf4 Ne5 48. Nd5 g5 49. Nxb4 gxh4 50. Rf4+ Kg5 51. Rxe4 Ng4 52. gxh4+ Kf5
1-0

[Event "Scarborough CC LH Summer U1700"]
[Site "Toronto CAN"]
[Date "2010.05.13"]
[Round "2"]
[White "Orsini, Mike"]
[Black "Yie, Kevin"]
[Result "1-0"]
[WhiteElo "1412"]
[BlackElo "1332"]
[PlyCount "125"]
[EventDate "2010.04.29"]
[EventType "swiss"]
[EventRounds "8"]
[EventCountry "CAN"]

1. e4 e5 2. d3 Nf6 3. Nd2 Bc5 4. Ngf3 d6 5. g3 Ng4 6. d4 exd4 7. Nb3 d3 8. Nxc5
dxc2 9. Qxc2 dxc5 10. Qxc5 Nf6 11. Bg5 h6 12. Qe5+ Kf8 13. Bxf6 Qxf6 14. Qxf6
gxf6 15. Rd1 Ke7 16. Bg2 Be6 17. a3 Nc6 18. O-O Rad8 19. Nh4 Rd7 20. Rxd7+ Kxd7
21. Rd1+ Ke8 22. b4 a6 23. f4 Bg4 24. Rd5 Ne7 25. Rc5 c6 26. f5 b6 27. Rc2 Bd1
28. Rc1 Ba4 29. Nf3 Kd7 30. Bf1 b5 31. g4 h5 32. g5 fxg5 33. Ne5+ Kc7 34. Nxf7
Rg8 35. f6 Nc8 36. e5 Kd7 37. Bd3 Ke6 38. Nh6 Rh8 39. Rxc6+ Kxe5 40. Nf7+ Kd5
41. Rc5+ Ke6 42. Nxh8 Kxf6 43. Rxc8 Kg7 44. Ng6 g4 45. Rc6 h4 46. Nxh4 g3 47.
hxg3 Kf7 48. Rxa6 Ke7 49. Rb6 Kd7 50. Bxb5+ Bxb5 51. Rxb5 Kc6 52. Rc5+ Kb6 53.
g4 Ka6 54. g5 Kb6 55. g6 Ka6 56. Rc6+ Kb7 57. b5 Ka7 58. g7 Kb7 59. Ra6 Kc7 60.
g8=Q Kb7 61. Qf7+ Kb8 62. Rg6 Kc8 63. Rg8# 1-0

[Event "Scarborough CC LH Summer U1700"]
[Site "Toronto CAN"]
[Date "2010.05.13"]
[Round "2"]
[White "Rogers, Michael"]
[Black "Moffat, Anthony"]
[Result "1-0"]
[WhiteElo "1536"]
[BlackElo "1300"]
[PlyCount "41"]
[EventDate "2010.04.29"]
[EventType "swiss"]
[EventRounds "8"]
[EventCountry "CAN"]

1. e4 c5 2. Nf3 d6 3. d4 cxd4 4. Nxd4 Nf6 5. Nc3 a6 6. Bg5 e6 7. f4 Be7 8. Qf3
Nbd7 9. O-O-O e5 10. Nf5 Rg8 11. Nxe7 Qxe7 12. Nd5 Qe6 13. Nc7+ Ke7 14. Nxe6
Kxe6 15. Bc4+ Ke7 16. Bxf6+ gxf6 17. Qd3 Rxg2 18. Qxd6+ Ke8 19. Qd5 Rg7 20.
fxe5 fxe5 21. Rhf1 1-0

[Event "Scarborough CC LH Summer U1700"]
[Site "Toronto CAN"]
[Date "2010.05.13"]
[Round "2"]
[White "Roy, Harrison"]
[Black "Graham, John"]
[Result "0-1"]
[WhiteElo "904"]
[BlackElo "1483"]
[PlyCount "56"]
[EventDate "2010.04.29"]
[EventType "swiss"]
[EventRounds "8"]
[EventCountry "CAN"]

1. e4 e5 2. Nf3 Nc6 3. Bb5 d6 4. Nc3 Bd7 5. O-O Nf6 6. d3 Be7 7. Re1 O-O 8. Bd2
a6 9. Ba4 b5 10. Bb3 Bg4 11. h3 Bh5 12. Bg5 Nd4 13. Bxf6 Nxf3+ 14. gxf3 Bxf6
15. Bd5 Rc8 16. Bb7 Bh4 17. Bxc8 Qg5+ 18. Bg4 f5 19. exf5 Rxf5 20. Ne4 Qg6 21.
Kf1 Bxg4 22. fxg4 Rf4 23. f3 h5 24. Qe2 hxg4 25. hxg4 Qxg4 26. Nf2 Rxf3 27.
Red1 Qh3+ 28. Kg1 Rg3# 0-1

[Event "Scarborough CC LH Summer U1700"]
[Site "Toronto CAN"]
[Date "2010.05.13"]
[Round "2"]
[White "Roy, Lawrence"]
[Black "Liu, Peter"]
[Result "0-1"]
[WhiteElo "760"]
[BlackElo "1125"]
[PlyCount "90"]
[EventDate "2010.04.29"]
[EventType "swiss"]
[EventRounds "8"]
[EventCountry "CAN"]

1. e4 c5 2. Nf3 d6 3. Nc3 Nf6 4. d4 cxd4 5. Nxd4 g6 6. Be2 Bg7 7. O-O O-O 8. h3
Bd7 9. Bf3 Nc6 10. Re1 Qa5 11. Bd2 Nxd4 12. Nd5 Nxf3+ 13. gxf3 Qc5 14. Nxf6+
Bxf6 15. f4 Bh4 16. Be3 Qb4 17. Qd4 Qxd4 18. Bxd4 Bxh3 19. Re3 Bd7 20. Rb3 b6
21. Rd3 Rac8 22. c3 Bb5 23. Rh3 Bf6 24. Bxf6 exf6 25. Rd1 Rc6 26. e5 fxe5 27.
fxe5 dxe5 28. Re3 f6 29. Rd5 Bc4 30. Rd7 Rf7 31. Rxf7 Kxf7 32. b3 Be6 33. c4 a6
34. c5 Rxc5 35. a3 Rc1+ 36. Kg2 Rb1 37. a4 Rxb3 38. Rxb3 Bxb3 39. a5 bxa5 40.
Kf3 a4 41. Ke2 a3 42. Kd2 a2 43. Kc1 a1=Q+ 44. Kd2 Qd4+ 45. Kc1 Qc3+ 0-1

[Event "Scarborough CC LH Summer U1700"]
[Site "Toronto CAN"]
[Date "2010.05.13"]
[Round "2"]
[White "Song, Lin"]
[Black "Smith, Maurice"]
[Result "1/2-1/2"]
[WhiteElo "1448"]
[BlackElo "1648"]
[PlyCount "96"]
[EventDate "2010.04.29"]
[EventType "swiss"]
[EventRounds "8"]
[EventCountry "CAN"]

1. e4 c5 2. Nf3 d6 3. d4 cxd4 4. Nxd4 Nf6 5. Nc3 g6 6. Be3 Bg7 7. f3 O-O 8. Qd2
Bd7 9. O-O-O Nc6 10. Nxc6 Bxc6 11. Bh6 Rc8 12. Bxg7 Kxg7 13. g4 Qa5 14. a3 b5
15. Nxb5 Qb6 16. Qd4 Bxb5 17. Qxb6 axb6 18. Bxb5 Rc5 19. Bd3 Rfc8 20. h4 h5 21.
g5 Nd7 22. Rh2 Ne5 23. Rf2 R8c7 24. Rdd2 Nxd3+ 25. Rxd3 Rc8 26. Rd5 Rc4 27. Rb5
R4c6 28. c3 Ra8 29. Rd2 Ra4 30. Kd1 Ra8 31. Rd4 Ra7 32. Rdb4 Ra6 33. Kd2 e6 34.
f4 Kf8 35. Kd3 Ke7 36. f5 Kd7 37. fxg6 fxg6 38. Rd4 Ra8 39. e5 d5 40. c4 Rxc4
41. Rxc4 dxc4+ 42. Kxc4 Rc8+ 43. Kd4 Kc6 44. Rb3 Rf8 45. Rc3+ Kd7 46. Ke4 Rf2
47. Rb3 Kc6 48. Re3 Rh2 1/2-1/2

[Event "Scarborough CC LH Summer U1700"]
[Site "Toronto CAN"]
[Date "2010.05.13"]
[Round "2"]
[White "Vyravanathan, Sobiga"]
[Black "Dattani, Dinesh"]
[Result "0-1"]
[WhiteElo "1234"]
[BlackElo "1414"]
[PlyCount "90"]
[EventDate "2010.04.29"]
[EventType "swiss"]
[EventRounds "8"]
[EventCountry "CAN"]

1. e4 e5 2. Nf3 Nc6 3. Bb5 a6 4. Ba4 Nf6 5. d3 b5 6. Bb3 Be7 7. O-O O-O 8. Bg5
d6 9. h3 Na5 10. Nc3 Nxb3 11. axb3 Nh5 12. Bxe7 Qxe7 13. Nxb5 Nf4 14. Nc3 Bb7
15. Ne2 Ng6 16. Qd2 f5 17. exf5 Rxf5 18. Ng3 Rff8 19. Ne4 h6 20. c4 Nf4 21. Qe3
Rf7 22. b4 Raf8 23. Rad1 Nxh3+ 24. Kh2 Nf4 25. c5 Qe6 26. Rc1 Qg4 27. Ng3 Rf5
28. c6 Rh5+ 29. Kg1 Nxg2 30. Kxg2 Qh3+ 31. Kg1 Rxf3 32. Rfe1 Rxg3+ 33. fxg3
Qh2+ 34. Kf1 Rf5+ 35. Qf4 Rxf4+ 36. gxf4 Qxf4+ 37. Kg2 Bc8 38. Rf1 Qg4+ 39. Kh1
Qh3+ 40. Kg1 Bg4 41. Rf2 Bf3 42. Rh2 Qg3+ 43. Kf1 Qxh2 44. Ra1 Qg2+ 45. Ke1
Qe2# 0-1

[Event "Scarborough CC LH Summer U1700"]
[Site "Toronto CAN"]
[Date "2010.05.13"]
[Round "2"]
[White "Zhang, John"]
[Black "Pishdad, Hassan"]
[Result "0-1"]
[WhiteElo "1160"]
[BlackElo "1380"]
[PlyCount "44"]
[EventDate "2010.04.29"]
[EventType "swiss"]
[EventRounds "8"]
[EventCountry "CAN"]

1. e4 e5 2. Nf3 Nc6 3. Bb5 Nge7 4. c3 g6 5. d4 exd4 6. cxd4 Bg7 7. d5 Ne5 8.
Nxe5 Bxe5 9. f4 Bg7 10. e5 O-O 11. Bc4 Nf5 12. O-O Qe7 13. Bb3 Qc5+ 14. Kh1 b6
15. Re1 Bb7 16. e6 dxe6 17. dxe6 Qf2 18. exf7+ Kh8 19. Rg1 Bd4 20. Qe1 Bxg2+
21. Rxg2 Qxe1+ 22. Rg1 Qxg1# 0-1

[Event "Scarborough CC LH Summer U1700"]
[Site "Toronto CAN"]
[Date "2010.05.20"]
[Round "3"]
[White "Dattani, Dinesh"]
[Black "Green, Derek"]
[Result "1/2-1/2"]
[WhiteElo "1414"]
[BlackElo "1336"]
[PlyCount "43"]
[EventDate "2010.04.29"]
[EventType "swiss"]
[EventRounds "8"]
[EventCountry "CAN"]

1. e4 Nc6 2. Nf3 Nf6 3. Nc3 d5 4. exd5 Nxd5 5. d3 Nxc3 6. bxc3 b6 7. Ba3 Bb7 8.
Be2 g6 9. Rb1 Bg7 10. Bb2 Ne5 11. O-O e6 12. c4 Nxf3+ 13. Bxf3 Bxf3 14. Qxf3
O-O 15. Bxg7 Kxg7 16. Qe3 c5 17. a4 Qf6 18. Qd2 Rab8 19. c3 Rfd8 20. Rb3 e5 21.
f3 a5 22. Rb5 1/2-1/2

[Event "Scarborough CC LH Summer U1700"]
[Site "Toronto CAN"]
[Date "2010.05.20"]
[Round "3"]
[White "Liu, Peter"]
[Black "Aghamalian, Derick"]
[Result "0-1"]
[WhiteElo "1125"]
[BlackElo "1320"]
[PlyCount "80"]
[EventDate "2010.04.29"]
[EventType "swiss"]
[EventRounds "8"]
[EventCountry "CAN"]

1. e4 e5 2. Nf3 Nc6 3. Bb5 a6 4. Ba4 Nf6 5. O-O Be7 6. Re1 b5 7. Bb3 O-O 8. c3
d6 9. h3 Bb7 10. d4 exd4 11. cxd4 Na5 12. Bc2 c5 13. Nc3 b4 14. Na4 Nc6 15.
dxc5 dxc5 16. Bg5 Nd7 17. Bb3 Bxg5 18. Nxg5 Nd4 19. Bd5 Bxd5 20. exd5 Qxg5 21.
Nxc5 Qxd5 22. Nxd7 Qxd7 23. Re4 Rad8 24. Rc1 a5 25. Qd3 Ne6 26. Qf3 Ng5 27. Qg4
Nxe4 28. Qxe4 Qd5 29. Qf4 Qxa2 30. Qe5 Rd2 31. b3 Qxb3 32. Qxa5 Rd1+ 33. Rxd1
Qxd1+ 34. Kh2 b3 35. Qb4 Qc2 36. f3 b2 37. Kg3 b1=Q 38. Qf4 Qe1+ 39. Kh2 Qcf2
40. Qd4 Qeg1# 0-1

[Event "Scarborough CC LH Summer U1700"]
[Site "Toronto CAN"]
[Date "2010.05.20"]
[Round "3"]
[White "Philip, Andrew"]
[Black "Smith, Maurice"]
[Result "1-0"]
[WhiteElo "1530"]
[BlackElo "1648"]
[PlyCount "87"]
[EventDate "2010.04.29"]
[EventType "swiss"]
[EventRounds "8"]
[EventCountry "CAN"]

1. d4 d5 2. Bg5 Nf6 3. Bxf6 exf6 4. e3 Bd6 5. g3 O-O 6. Bg2 c6 7. Nd2 Be6 8.
Ne2 Na6 9. O-O Re8 10. Qc1 Rc8 11. c3 Nc7 12. b3 Bf5 13. Re1 Ne6 14. c4 Bb4 15.
a3 Bxd2 16. Qxd2 Ng5 17. Nc3 Ne4 18. Nxe4 Bxe4 19. Bxe4 Rxe4 20. c5 Qd7 21. Kg2
Rce8 22. b4 f5 23. a4 Qe6 24. b5 f4 25. Ra3 Qf5 26. Qd1 f3+ 27. Qxf3 Qxf3+ 28.
Kxf3 Rxd4 29. bxc6 bxc6 30. exd4 Rxe1 31. Re3 Rxe3+ 32. fxe3 Kf8 33. e4 dxe4+
34. Kxe4 Ke8 35. Ke5 Ke7 36. d5 cxd5 37. Kxd5 Kd7 38. h4 h6 39. g4 a5 40. h5
Kc7 41. c6 Kc8 42. Kd6 Kd8 43. c7+ Kc8 44. Ke7 1-0

[Event "Scarborough CC LH Summer U1700"]
[Site "Toronto CAN"]
[Date "2010.05.20"]
[Round "3"]
[White "Pishdad, Hassan"]
[Black "Karpik, Steve"]
[Result "0-1"]
[WhiteElo "1380"]
[BlackElo "1494"]
[PlyCount "136"]
[EventDate "2010.04.29"]
[EventType "swiss"]
[EventRounds "8"]
[EventCountry "CAN"]

1. e4 d6 2. Nf3 Nf6 3. Nc3 g6 4. Bc4 Bg7 5. d4 O-O 6. O-O Nbd7 7. Be3 a6 8. a3
b5 9. Ba2 Bb7 10. Qd3 Kh8 11. Rfe1 Re8 12. Bxf7 Rf8 13. Be6 Nh5 14. Ng5 Qe8 15.
Nf7+ Rxf7 16. Bxf7 Qxf7 17. Qd2 e5 18. d5 Rf8 19. g3 Bc8 20. Kg2 Qf3+ 21. Kg1
Nb6 22. Qe2 Nc4 23. Qxf3 Rxf3 24. Kg2 Rf7 25. b3 Na5 26. Rf1 Bd7 27. h3 Bf6 28.
Bd2 Nb7 29. b4 c5 30. f3 c4 31. a4 Nd8 32. axb5 Bxb5 33. Nxb5 axb5 34. Ra8 Rb7
35. Rfa1 Ng7 36. Rc8 Ne8 37. Raa8 Kg8 38. Rxd8 Bxd8 39. Rxd8 Kf7 40. Ra8 Ke7
41. Bg5+ Kf7 42. Bd8 Kf8 43. Ra3 Nc7 44. f4 exf4 45. Rf3 Ne8 46. Rxf4+ Rf7 47.
Bg5 Kg7 48. Rh4 Nf6 49. Bh6+ Kg8 50. Rf4 Nh5 51. Rxf7 Kxf7 52. c3 Nf6 53. Kf3
Nd7 54. Bf4 Ke7 55. Kg4 Nf6+ 56. Kf3 Nd7 57. Bg5+ Kf7 58. g4 Ne5+ 59. Ke3 Nd3
60. h4 Nb2 61. Bf4 Nd1+ 62. Kd2 Nf2 63. Bxd6 Nxe4+ 64. Ke3 Nxd6 65. Kd4 Ke7 66.
Ke5 Nf7+ 67. Ke4 Kd6 68. Kd4 Ne5 0-1

[Event "Scarborough CC LH Summer U1700"]
[Site "Toronto CAN"]
[Date "2010.05.20"]
[Round "3"]
[White "Roy, Harrison"]
[Black "Vyravanathan, Sobiga"]
[Result "0-1"]
[WhiteElo "904"]
[BlackElo "1234"]
[PlyCount "86"]
[EventDate "2010.04.29"]
[EventType "swiss"]
[EventRounds "8"]
[EventCountry "CAN"]

1. e4 c5 2. Nf3 Nc6 3. Nc3 a6 4. Be2 e5 5. O-O Nf6 6. d3 d6 7. Bg5 Be7 8. Re1
O-O 9. Rc1 Be6 10. Nh4 Nd7 11. Bg4 Bxg5 12. Bxe6 fxe6 13. Qg4 Qf6 14. Rcd1 Bxh4
15. Re2 Bxf2+ 16. Kf1 Bd4+ 17. Ke1 Qf1+ 18. Kd2 Bxc3+ 19. bxc3 Qf4+ 20. Qxf4
Rxf4 21. g3 Rf7 22. Kc1 Raf8 23. d4 cxd4 24. cxd4 Nxd4 25. Red2 Rf2 26. Rxf2
Rxf2 27. Kb1 Rxc2 28. Rc1 Rxh2 29. Rc8+ Kf7 30. Rc1 Rg2 31. Rc3 Ne2 32. Rc2
Rg1+ 33. Kb2 Nxg3 34. Rc7 Ke7 35. Rxb7 Rg2+ 36. Kc3 Nxe4+ 37. Kd3 Nec5+ 38. Kc4
Nxb7 39. a4 h5 40. Kb4 h4 41. a5 h3 42. Kc3 h2 43. Kd3 h1=Q 0-1

[Event "Scarborough CC LH Summer U1700"]
[Site "Toronto CAN"]
[Date "2010.05.20"]
[Round "3"]
[White "Yie, Kevin"]
[Black "Wang, Jason"]
[Result "1-0"]
[WhiteElo "1332"]
[BlackElo "1208"]
[PlyCount "119"]
[EventDate "2010.04.29"]
[EventType "swiss"]
[EventRounds "8"]
[EventCountry "CAN"]

1. e4 c5 2. Nf3 d6 3. d4 cxd4 4. Nxd4 Nf6 5. Nc3 a6 6. Bc4 e5 7. Nf3 Be7 8. O-O
O-O 9. Be3 Nc6 10. a3 Bg4 11. h3 Bh5 12. Be2 Bg6 13. Nd2 d5 14. exd5 Nxd5 15.
Nxd5 Qxd5 16. Bc4 Qd8 17. Bb3 Qc7 18. Rc1 Rad8 19. Qf3 Bd6 20. Nc4 Qe7 21. Nxd6
Qxd6 22. Qg3 Rfe8 23. f4 e4 24. Qf2 Nd4 25. Rfd1 Qb6 26. Rxd4 Rxd4 27. Bxd4 Qd8
28. Be3 Bf5 29. Qd2 Qxd2 30. Bxd2 e3 31. Re1 e2 32. Kf2 Bd7 33. Rxe2 Rxe2+ 34.
Kxe2 Bc6 35. g3 g6 36. Ke3 Kg7 37. Kd4 f6 38. Bd5 Bxd5 39. Kxd5 Kf7 40. Kd6 f5
41. Kc7 Ke6 42. c4 b5 43. b3 bxc4 44. bxc4 Kf6 45. Kd6 Kf7 46. c5 Ke8 47. Ba5
g5 48. fxg5 f4 49. gxf4 Kf7 50. c6 h5 51. gxh6 Kg6 52. f5+ Kh7 53. f6 Kh8 54.
c7 Kh7 55. c8=Q Kg6 56. Ke5 Kh7 57. Qf8 Kg6 58. Qg8+ Kxh6 59. Kf5 Kh5 60. Qg5#
1-0